000 00479nam a2200181Ia 4500
008 210210b1983 xxu||||| |||| 00| 0 eng d
020 _a0 07 099687 3
082 _a621.381 ZBAB
100 _aZBAR (Paul B)
245 _aBasic electronics: text lab manual. Ed.5
250 _a
260 _aND
_bTata McGraw-Hill Publishing Company Ltd.
_c1983
300 _axiv,338
650 _aElectronics
690 _aElectronics
700 _aMALVINO (Albert P).
906 _aSG01969
999 _c113543
_d113543